[Event "Michigan Open"]
[Site "East Lansing"]
[Date "1991.08.31"]
[Round "2"]
[White "Manion, Tom"]
[Black "Knecht, Mark"]
[Result "0-1"]
[WhiteElo "1847"]
[BlackElo "2160"]
[PlyCount "60"]
[EventDate "1991.08.30"]

1. Nf3 d5 2. g3 Nf6 3. Bg2 e6 4. O-O c5 5. d3 Nc6 6. Nbd2 Bd6 7. e4 O-O 8. Qe2
Bc7 9. c3 Rb8 10. Nb3 b6 11. Bg5 h6 12. Bh4 dxe4 13. dxe4 e5 14. Rfd1 Qe7 15.
Rd2 g5 16. Nxg5 hxg5 17. Bxg5 Qe6 18. f4 exf4 19. gxf4 Nh7 20. Rd5 Qg4 21. Qf2
Be6 22. Rd3 Nxg5 23. fxg5 c4 24. Rh3 Qxg5 25. Kh1 Bxh3 26. Bxh3 Qf4 27. Rg1+
Kh8 28. Qe2 Qxh2+ 29. Qxh2 Bxh2 30. Kxh2 cxb3 0-1

[Event "Michigan Open"]
[Site "East Lansing"]
[Date "1991.08.31"]
[Round "1"]
[White "Manion, Tom"]
[Black "Finegold, Ron"]
[Result "1/2-1/2"]
[WhiteElo "1847"]
[BlackElo "2166"]
[PlyCount "102"]
[EventDate "1991.08.30"]

1. Nf3 c5 2. g3 Nc6 3. Bg2 e5 4. e4 d6 5. O-O f5 6. d3 Nf6 7. Nc3 Be7 8. Bg5
O-O 9. Qd2 Nd4 10. Bxf6 Rxf6 11. Nxd4 cxd4 12. Nd5 Rf8 13. f4 exf4 14. Nxe7+
Qxe7 15. Rxf4 g5 16. Rf2 fxe4 17. Rxf8+ Kxf8 18. Rf1+ Kg8 19. Bxe4 Bh3 20. Bd5+
Kh8 21. Bg2 Bxg2 22. Kxg2 Re8 23. Qf2 Qe2 24. h3 Kg7 25. b3 b6 26. a4 a5 27. g4
Re5 28. Qxe2 Rxe2+ 29. Rf2 Rxf2+ 30. Kxf2 Kf6 31. Kg3 Ke6 32. h4 h6 33. h5 Kd5
34. Kf3 Ke5 35. Kg3 Ke6 36. Kf2 Ke5 37. Kf3 d5 38. Kg3 Ke6 39. Kg2 Kd7 40. Kf2
Kd6 41. Ke2 Ke6 42. Kf2 Ke7 43. Ke2 Kd6 44. Kf2 b5 45. axb5 Kc5 46. b6 Kxb6 47.
Ke2 Kc5 48. Kd1 Kc6 49. Kd2 Kd6 50. Ke2 Kc5 51. Kd1 Kb5 1/2-1/2

[Event "Michigan Open"]
[Site "East Lansing"]
[Date "1991.08.31"]
[Round "3"]
[White "Malumphy, Joseph"]
[Black "Kung, Fred"]
[Result "1-0"]
[WhiteElo "1966"]
[BlackElo "1842"]
[PlyCount "61"]
[EventDate "1991.08.30"]

1. e4 e6 2. d4 d5 3. e5 c5 4. c3 Nc6 5. Nf3 Qb6 6. Bd3 cxd4 7. cxd4 Bd7 8. Nc3
Nxd4 9. O-O Nxf3+ 10. Qxf3 Ne7 11. b3 Nc6 12. Re1 Qd4 13. Nb5 Qxa1 14. Nc7+ Kd8
15. Bg5+ Kxc7 16. Rxa1 Nxe5 17. Rc1+ Bc6 18. Bf4 Bd6 19. Bxe5 Bxe5 20. Qxf7+
Kd6 21. b4 g6 22. Qf3 Rhf8 23. Qd1 Bd4 24. Be2 Bxf2+ 25. Kh1 b5 26. Qd3 Rac8
27. Rf1 Bh4 28. Bf3 Rf7 29. Qd4 Be7 30. Re1 Bf8 31. Qe5+ 1-0

[Event "Michigan Open"]
[Site "East Lansing"]
[Date "1991.08.31"]
[Round "2"]
[White "Long, Randy"]
[Black "Kitts, Gary"]
[Result "0-1"]
[WhiteElo "1840"]
[BlackElo "2064"]
[PlyCount "46"]
[EventDate "1991.08.30"]

1. e4 e6 2. d4 d5 3. e5 c5 4. c3 Nc6 5. f4 cxd4 6. cxd4 Qb6 7. Nf3 Bd7 8. Nc3
a6 9. g4 Nh6 10. h3 Be7 11. Bg2 O-O 12. f5 exf5 13. g5 Ng4 14. hxg4 fxg4 15.
Nh2 Qxd4 16. Qxd4 Nxd4 17. Kf2 Nc2 18. Rb1 Bf5 19. Nxd5 Bc5+ 20. Kg3 Nd4 21.
Ra1 Ne2+ 22. Kh4 Bf2+ 23. Kh5 Ng3+ 0-1

[Event "Michigan Open"]
[Site "East Lansing"]
[Date "1991.08.31"]
[Round "1"]
[White "Long, Randy"]
[Black "Gabbara, Faris"]
[Result "1/2-1/2"]
[WhiteElo "1840"]
[BlackElo "2142"]
[PlyCount "218"]
[EventDate "1991.08.30"]

1. e4 e5 2. Nf3 Nf6 3. Nxe5 d6 4. Nf3 Nxe4 5. d4 d5 6. Bd3 Bd6 7. c4 c6 8. c5
Bc7 9. Qc2 O-O 10. Nc3 f5 11. O-O Nd7 12. b4 a6 13. a4 Ndf6 14. Bb2 Bd7 15. h3
Nh5 16. Rfb1 Nf4 17. Bf1 Qf6 18. b5 axb5 19. axb5 Rxa1 20. Bxa1 g5 21. bxc6
bxc6 22. Nxe4 fxe4 23. Ne5 Bf5 24. Rb7 e3 25. Qa2 exf2+ 26. Qxf2 Bc8 27. Rb2
Qh6 28. Qe3 Re8 29. Ra2 g4 30. hxg4 Qg5 31. Rf2 Bxe5 32. dxe5 Ne6 33. Qxg5+
Nxg5 34. Be2 Ne4 35. Rf1 Nxc5 36. Bd4 Ne4 37. Rc1 Bd7 38. Bf3 Nd2 39. Be2 Nb3
40. Rd1 Nxd4 41. Rxd4 Rxe5 42. Bf3 Kg7 43. Kf2 Kg6 44. Kg3 Kg5 45. Rd1 Be8 46.
Rh1 h6 47. Rd1 Re3 48. Rd4 Bf7 49. Kf2 Ra3 50. Rd2 Kf6 51. Rc2 Be8 52. Rd2 Ra5
53. Rd1 Bf7 54. Kg3 Rc5 55. Be2 Rc3+ 56. Kf4 Rc2 57. Bf3 Rc4+ 58. Ke3 Be6 59.
Rh1 Kg6 60. Rh4 c5 61. Kd3 d4 62. Rh1 Rc3+ 63. Ke4 Re3+ 64. Kf4 Bb3 65. Rh5 Rc3
66. Be4+ Kg7 67. g5 hxg5+ 68. Rxg5+ Kf6 69. Rf5+ Ke6 70. g4 c4 71. g5 Rc1 72.
g6 Rf1+ 73. Kg5 Rxf5+ 74. Bxf5+ Ke5 75. g7 c3 76. Bc2 Bg8 77. Bd3 Bf7 78. Bg6
Ke6 79. Bd3 Bg8 80. Kg6 Bf7+ 81. Kg5 Ke7 82. Kf5 Kd6 83. Kf6 Bg8 84. Be4 Kc5
85. Bd3 Kd5 86. Kg5 Kc5 87. Kf6 Bb3 88. Ke5 Bd5 89. Kf6 Kd6 90. Kf5 Be6+ 91.
Ke4 Kc5 92. Ke5 Bg8 93. Kf6 Kd5 94. Kg5 Ke5 95. Bc2 Bc4 96. Bd3 Bxd3 97. g8=Q
c2 98. Qc8 Kd5 99. Kf4 Bg6 100. Qc7 Bd3 101. Kf3 Bc4 102. Qf4 Bd3 103. Kf2 Kc4
104. Ke1 Kc3 105. Qc1 Bc4 106. Qa1+ Kd3 107. Qa3+ Ke4 108. Kd2 d3 109. Qc3 Kd5
1/2-1/2

[Event "Michigan Open"]
[Site "East Lansing"]
[Date "1991.08.31"]
[Round "1"]
[White "Levadi, David"]
[Black "Needleman, Andrew"]
[Result "1-0"]
[WhiteElo "1957"]
[BlackElo "1620"]
[PlyCount "111"]
[EventDate "1991.08.30"]

1. Nc3 d5 2. e4 e6 3. Nf3 Nf6 4. d3 Bb4 5. e5 Nfd7 6. Be2 O-O 7. O-O c5 8. Nb5
a6 9. c3 Ba5 10. Na3 Nc6 11. d4 b5 12. Bg5 Qb6 13. dxc5 Qxc5 14. b4 Qxc3 15.
bxa5 Qxa3 16. Qc2 Ncxe5 17. Nxe5 Nxe5 18. Qc7 Nd7 19. Rfc1 Qb2 20. Bf1 Qe5 21.
Qc6 Qb8 22. Be7 Ne5 23. Qc5 Nd7 24. Qb4 Ra7 25. Bd6 Qa8 26. Bxf8 Nxf8 27. Rc3
Ng6 28. Rac1 Bd7 29. Qd6 Nf8 30. g3 Rb7 31. a3 Rb8 32. Rc7 Be8 33. Qe7 Ng6 34.
Qc5 h6 35. Ra7 Qc6 36. Qxc6 Bxc6 37. Rxc6 Ne5 38. Rcxa6 Rc8 39. Ra8 Rxa8 40.
Rxa8+ Kh7 41. Be2 d4 42. Bxb5 d3 43. Rd8 d2 44. f4 Nf3+ 45. Kf2 Nxh2 46. Be2 g5
47. fxg5 hxg5 48. a6 g4 49. a7 f5 50. a8=Q f4 51. Qe4+ Kg7 52. Qxf4 d1=Q 53.
Bxd1 Nf1 54. Qg5+ Kf7 55. Rd7+ Kf8 56. Qd8# 1-0

[Event "Michigan Open"]
[Site "East Lansing"]
[Date "1991.08.31"]
[Round "3"]
[White "Levadi, David"]
[Black "Hahn, David"]
[Result "0-1"]
[WhiteElo "1957"]
[BlackElo "2272"]
[PlyCount "66"]
[EventDate "1991.08.30"]

1. c4 d6 2. Nc3 e5 3. Nf3 f5 4. d4 e4 5. Bg5 Be7 6. Bxe7 Nxe7 7. Ng1 c6 8. e3
Nd7 9. g3 Nf6 10. Nge2 Be6 11. Nf4 Bf7 12. h4 O-O 13. Be2 g6 14. Kf1 h6 15. Kg2
Qd7 16. Qd2 g5 17. hxg5 hxg5 18. Nh3 Nh7 19. b4 d5 20. c5 Ng6 21. Rab1 Be6 22.
Bh5 Rf6 23. b5 Raf8 24. bxc6 bxc6 25. Bxg6 Rxg6 26. Rh2 Nf6 27. Ne2 f4 28. exf4
e3 29. fxe3 Bf5 30. Nxg5 Bxb1 31. Qc1 Be4+ 32. Nxe4 Nxe4 33. Qh1 Qg7 0-1

[Event "Michigan Open"]
[Site "East Lansing"]
[Date "1991.08.31"]
[Round "2"]
[White "Leighton, George"]
[Black "Czuhai, Kevin"]
[Result "0-1"]
[WhiteElo "1878"]
[BlackElo "2237"]
[PlyCount "40"]
[EventDate "1991.08.30"]

1. d4 Nf6 2. c4 g6 3. Nc3 Bg7 4. e4 O-O 5. f3 c5 6. d5 d6 7. Bd3 e6 8. Bg5 Qa5
9. Qd2 a6 10. Nge2 exd5 11. exd5 Re8 12. h3 Nbd7 13. f4 b5 14. b3 b4 15. Na4
Nxd5 16. O-O-O Ne3 17. Rdg1 d5 18. cxd5 c4 19. Bc2 Nc5 20. Nxc5 Qa3+ 0-1

[Event "Michigan Open"]
[Site "East Lansing"]
[Date "1991.08.31"]
[Round "3"]
[White "Lehotzky, Attila"]
[Black "Zacks, Naum"]
[Result "1-0"]
[WhiteElo "2084"]
[BlackElo "1891"]
[PlyCount "65"]
[EventDate "1991.08.30"]

1. d4 d6 2. e4 g6 3. Bc4 Bg7 4. f4 Nf6 5. Nc3 c6 6. a3 O-O 7. Nf3 d5 8. exd5
cxd5 9. Bd3 Nc6 10. O-O Ng4 11. Ne2 a6 12. c3 b5 13. Ng3 Na5 14. h3 Nh6 15. Qc2
Nc4 16. Re1 Nd6 17. Ne5 Nhf5 18. Nxf5 Nxf5 19. g4 Nh4 20. Qf2 e6 21. Re2 h6 22.
Bd2 g5 23. Rf1 f5 24. Qg3 Bb7 25. Nf3 Ng6 26. Rxe6 gxf4 27. Qg2 Rf6 28. gxf5
Nh4 29. Nxh4 Rxe6 30. fxe6 Qxh4 31. Rxf4 Qh5 32. Rg4 Kh8 33. Bg6 1-0

[Event "Michigan Open"]
[Site "East Lansing"]
[Date "1991.08.31"]
[Round "3"]
[White "Laren, Philip"]
[Black "Ball, Ed"]
[Result "1-0"]
[WhiteElo "2224"]
[BlackElo "1924"]
[PlyCount "81"]
[EventDate "1991.08.30"]

1. d4 d5 2. c4 e6 3. Nc3 f5 4. Nf3 Nf6 5. Bg5 Be7 6. e3 O-O 7. Bd3 c6 8. h4 Ne4
9. Bxe7 Qxe7 10. Qc2 Nd7 11. O-O-O a6 12. Rdg1 b5 13. c5 a5 14. Qe2 Nxc3 15.
bxc3 b4 16. g4 Nf6 17. Ne5 Qb7 18. c4 Nd7 19. Nf3 a4 20. gxf5 exf5 21. Rg5 Nf6
22. Ne5 Ne4 23. Bxe4 fxe4 24. Rhg1 a3 25. Qh5 b3 26. Rxg7+ Qxg7 27. Rxg7+ Kxg7
28. Qg5+ Kh8 29. Kb1 bxa2+ 30. Ka1 Ba6 31. Ng4 Ra7 32. cxd5 Bc4 33. dxc6 Rg7
34. Qe5 Rf3 35. c7 Rf8 36. d5 Bxd5 37. h5 h6 38. Nxh6 Kh7 39. Qxd5 Rxf2 40.
Qg8+ Rxg8 41. Nxg8 1-0

[Event "Michigan Open"]
[Site "East Lansing"]
[Date "1991.08.31"]
[Round "2"]
[White "Lang, Brad"]
[Black "Smith, Mike A"]
[Result "1-0"]
[WhiteElo "1779"]
[BlackElo "1893"]
[PlyCount "57"]
[EventDate "1991.08.30"]

1. e4 c5 2. Nc3 d6 3. d3 Nc6 4. g3 Nf6 5. Bg2 g6 6. Nge2 Bg7 7. O-O O-O 8. Bg5
Bd7 9. Qd2 a6 10. Bh6 b5 11. Bxg7 Kxg7 12. f4 Rc8 13. Nd1 Bg4 14. Ne3 Bxe2 15.
Qxe2 Qb6 16. Kh1 Na5 17. g4 c4 18. g5 Nd7 19. Nd5 cxd3 20. cxd3 Qd8 21. f5 e6
22. f6+ Kh8 23. Ne7 Rc7 24. Qe1 Nc6 25. Nxc6 Rxc6 26. Qh4 Rc2 27. Qh6 Rg8 28.
Rf3 Rxb2 29. Qxh7+ 1-0

[Event "Michigan Open"]
[Site "East Lansing"]
[Date "1991.08.31"]
[Round "1"]
[White "Lang, Brad"]
[Black "Baze, Lineas"]
[Result "0-1"]
[WhiteElo "1779"]
[BlackElo "2039"]
[PlyCount "58"]
[EventDate "1991.08.30"]

1. e4 c5 2. Nc3 Nc6 3. d3 g6 4. g3 Bg7 5. Bg2 e6 6. Nge2 Nge7 7. O-O O-O 8. Rb1
Nd4 9. Bg5 h6 10. Be3 Nec6 11. f4 d6 12. a3 Rb8 13. Qd2 Kh7 14. b4 b6 15. bxc5
bxc5 16. e5 f6 17. exf6 Qxf6 18. Ne4 Qf7 19. c3 Nxe2+ 20. Qxe2 Bb7 21. Qa2 Na5
22. d4 Bd5 23. Qf2 cxd4 24. Bxd4 Rbc8 25. Nd2 Bxg2 26. Kxg2 e5 27. Be3 Rxc3 28.
Rfc1 exf4 29. Rxc3 Bxc3 0-1

[Event "Michigan Open"]
[Site "East Lansing"]
[Date "1991.08.31"]
[Round "1"]
[White "LaMar, Frank"]
[Black "Thomas, Henry"]
[Result "1-0"]
[WhiteElo "2012"]
[BlackElo "1775"]
[PlyCount "45"]
[EventDate "1991.08.30"]

1. e4 e5 2. Nf3 Nf6 3. Nxe5 d6 4. Nf3 Nxe4 5. d4 d5 6. Bd3 Bd6 7. h3 O-O 8. O-O
c6 9. c4 Na6 10. c5 Be7 11. Bxa6 bxa6 12. Bf4 f5 13. Ne5 Qe8 14. f3 Nxc5 15.
dxc5 Bxc5+ 16. Kh1 g5 17. Bh2 f4 18. Re1 Bf2 19. Re2 Bg3 20. Nc3 Qh5 21. Nxc6
Bxh3 22. Ne7+ Kh8 23. Qd4+ 1-0

[Event "Michigan Open"]
[Site "East Lansing"]
[Date "1991.08.31"]
[Round "3"]
[White "LaMar, Frank"]
[Black "June, Brian"]
[Result "1-0"]
[WhiteElo "2012"]
[BlackElo "1810"]
[PlyCount "95"]
[EventDate "1991.08.30"]

1. e4 c5 2. Nf3 Nc6 3. d4 cxd4 4. Nxd4 e5 5. Nf3 Bb4+ 6. c3 Be7 7. Be3 Nf6 8.
Nbd2 d5 9. Bb5 Qc7 10. Qa4 O-O 11. O-O-O Bd7 12. exd5 Nxd5 13. Bg5 Bf5 14. Bxc6
bxc6 15. Bxe7 Nxe7 16. Rhe1 f6 17. g4 Be6 18. g5 Ng6 19. gxf6 Rxf6 20. Ng5 Bd5
21. c4 Rf5 22. Nge4 Bf7 23. Nb3 Rd8 24. Nbc5 Rf4 25. Rxd8+ Qxd8 26. Rd1 Qh4 27.
Qxc6 Bxc4 28. Ne6 Bxe6 29. Qxe6+ Kh8 30. Rd7 Rf8 31. Nd6 Qxf2 32. Nf7+ Rxf7 33.
Qxf7 Qe3+ 34. Kc2 Qe4+ 35. Kc3 Qc6+ 36. Kd2 Qg2+ 37. Kc1 Qc6+ 38. Kb1 Qe4+ 39.
Kc1 Qc6+ 40. Kd2 Qg2+ 41. Ke3 Qg5+ 42. Ke4 Qg4+ 43. Kd5 Qd4+ 44. Kc6 Qa4+ 45.
Kb7 Qb5+ 46. Ka8 Qc6+ 47. Rb7 Qc8+ 48. Rb8 1-0

[Event "Michigan Open"]
[Site "East Lansing"]
[Date "1991.08.31"]
[Round "2"]
[White "Kung, Fred"]
[Black "Sherbel, Steve"]
[Result "0-1"]
[WhiteElo "1842"]
[BlackElo "2003"]
[PlyCount "50"]
[EventDate "1991.08.30"]

1. e4 e6 2. d4 d5 3. e5 c5 4. c3 Qb6 5. Nf3 Bd7 6. Be2 cxd4 7. cxd4 Bb5 8. O-O
Bxe2 9. Qxe2 Nc6 10. Rd1 Nge7 11. Nc3 Nf5 12. Nb5 a6 13. Nd6+ Nxd6 14. exd6
Bxd6 15. b3 Rc8 16. Bb2 O-O 17. Rac1 Rc7 18. Ng5 h6 19. Nf3 Rfc8 20. h3 Bf4 21.
Rc2 Nb4 22. Rxc7 Rxc7 23. Ba3 Rc2 24. Qe1 Nxa2 25. g3 Qxb3 0-1

[Event "Michigan Open"]
[Site "East Lansing"]
[Date "1991.08.31"]
[Round "2"]
[White "Kulbacki, James"]
[Black "Thurman, John"]
[Result "1-0"]
[WhiteElo "2044"]
[BlackElo "1844"]
[PlyCount "60"]
[EventDate "1991.08.30"]

1. Nf3 Nf6 2. c4 e6 3. Nc3 d5 4. d4 dxc4 5. e3 c5 6. Bxc4 cxd4 7. exd4 Bb4 8.
O-O O-O 9. Qe2 Nc6 10. Rd1 Bxc3 11. bxc3 Qa5 12. Bb2 b6 13. Rac1 Bb7 14. Bb3
Rad8 15. c4 Rfe8 16. h3 Qh5 17. Rd2 Na5 18. Bd1 Ne4 19. Rdc2 f6 20. c5 bxc5 21.
Qb5 Rd5 22. Ne5 cxd4 23. Bxh5 Rxb5 24. Bxe8 Rxe5 25. Bxd4 Rg5 26. f4 Rg3 27.
Bxa7 Nd6 28. Bd7 Bd5 29. Kh2 Rd3 30. Rc8+ Nxc8 1-0

[Event "Michigan Open"]
[Site "East Lansing"]
[Date "1991.08.31"]
[Round "3"]
[White "Knecht, Mark"]
[Black "Golonka, Stan"]
[Result "1/2-1/2"]
[WhiteElo "2160"]
[BlackElo "2046"]
[PlyCount "64"]
[EventDate "1991.08.30"]

1. c4 g6 2. g3 Bg7 3. Bg2 c5 4. e3 e5 5. Ne2 Nc6 6. Nbc3 Nge7 7. O-O d6 8. b3
O-O 9. Bb2 Bf5 10. d3 Rc8 11. a3 Qd7 12. Nd5 Nxd5 13. cxd5 Ne7 14. Rc1 Bh3 15.
e4 Bxg2 16. Kxg2 f5 17. f4 Bh6 18. Rc2 fxe4 19. dxe4 Bg7 20. Qd3 b6 21. Rcc1
Rce8 22. Rcd1 Rf7 23. fxe5 Rxf1 24. Rxf1 dxe5 25. Nc3 Rd8 26. Qc4 Kh8 27. Rf7
Qe8 28. Rf1 Nc8 29. Nb5 Qe7 30. a4 Qb7 31. Qe2 a6 32. Nc3 Nd6 1/2-1/2

[Event "Michigan Open"]
[Site "East Lansing"]
[Date "1991.08.31"]
[Round "3"]
[White "Kitts, Gary"]
[Black "Andrews, Steve"]
[Result "0-1"]
[WhiteElo "2064"]
[BlackElo "2272"]
[PlyCount "68"]
[EventDate "1991.08.30"]

1. e4 Nf6 2. e5 Nd5 3. c4 Nb6 4. d4 d6 5. f4 dxe5 6. fxe5 Nc6 7. Be3 Bf5 8. Nc3
e6 9. Be2 Nb4 10. Rc1 c5 11. dxc5 Qxd1+ 12. Kxd1 O-O-O+ 13. Ke1 Nd7 14. Nf3
Nxc5 15. Rd1 Be7 16. Nd4 Ncd3+ 17. Bxd3 Nxd3+ 18. Ke2 Nxe5 19. Nxf5 exf5 20. b3
Rhe8 21. h3 Bh4 22. Nb5 a6 23. Nd6+ Rxd6 24. Rxd6 f4 25. Rd4 Ng6 26. Rhd1 Rxe3+
27. Kf1 f3 28. R4d2 Nf4 29. g3 Bxg3 30. Rd8+ Kc7 31. R1d7+ Kc6 32. Rd6+ Kc5 33.
b4+ Kxb4 34. Rb6+ Kc5 0-1

[Event "Michigan Open"]
[Site "East Lansing"]
[Date "1991.08.31"]
[Round "2"]
[White "June, Brian"]
[Black "Calton, David W"]
[Result "1-0"]
[WhiteElo "1810"]
[BlackElo "1924"]
[PlyCount "27"]
[EventDate "1991.08.30"]

1. d4 Nf6 2. Nf3 g6 3. c4 Bg7 4. Nc3 d6 5. h3 O-O 6. Bf4 Re8 7. e3 Nh5 8. Bh2
Nd7 9. Be2 e5 10. O-O exd4 11. Nxd4 Nhf6 12. Qc2 Nc5 13. Bf3 Bf5 14. Nxf5 1-0

[Event "Michigan Open"]
[Site "East Lansing"]
[Date "1991.08.31"]
[Round "3"]
[White "Johnson, Kirk"]
[Black "Schoonmaker, John"]
[Result "0-1"]
[WhiteElo "1789"]
[BlackElo "1967"]
[PlyCount "79"]
[EventDate "1991.08.30"]

1. c4 e5 2. Nc3 Nf6 3. e4 Be7 4. g3 O-O 5. Bg2 d6 6. Nge2 c5 7. O-O Nc6 8. d3
Bg4 9. a3 Qd7 10. Rb1 Bh3 11. b4 Bxg2 12. Kxg2 cxb4 13. axb4 Qg4 14. f3 Qg6 15.
b5 Nd8 16. Be3 Ne6 17. Ra1 b6 18. Qd2 Nc5 19. Ra2 h5 20. Na4 h4 21. Qc3 hxg3
22. hxg3 Ne6 23. Qd2 Nh5 24. Rh1 f5 25. exf5 Qxf5 26. f4 exf4 27. Bxf4 Nhxf4+
28. Nxf4 Bg5 29. Rh5 Qg4 30. Rxg5 Nxg5 31. Qe2 Rxf4 32. Qxg4 Rxg4 33. Nxb6 Rb8
34. Nd5 Rb7 35. Ra6 Nf7 36. Nf4 Rg5 37. Kf3 Re5 38. Rc6 Re8 39. Ra6 Re1 40. Rc6
0-1

[Event "Michigan Open"]
[Site "East Lansing"]
[Date "1991.08.31"]
[Round "3"]
[White "Jarosz, Stan"]
[Black "Finegold, Ron"]
[Result "0-1"]
[WhiteElo "2031"]
[BlackElo "2166"]
[PlyCount "89"]
[EventDate "1991.08.30"]

1. d4 d5 2. Nf3 Bg4 3. Bf4 e6 4. Nbd2 Bd6 5. Bxd6 Qxd6 6. c3 Nd7 7. e3 Ngf6 8.
Qb3 O-O 9. Bd3 c5 10. Qc2 c4 11. Be2 Bf5 12. Qc1 h6 13. O-O b5 14. b4 a5 15. a3
Ra6 16. Nh4 axb4 17. Nxf5 exf5 18. axb4 Rfa8 19. Qb2 Ne4 20. Nxe4 fxe4 21. Rfb1
f5 22. g3 g5 23. Bf1 Kg7 24. Bh3 Kg6 25. Rc1 Nf6 26. Bf1 h5 27. Be2 f4 28. exf4
gxf4 29. Rxa6 Rxa6 30. Ra1 f3 31. Rxa6 Qxa6 32. Bf1 Qe6 33. Qd2 Qf5 34. h4 Ng4
35. Qa2 Qe6 36. Bh3 e3 37. Bxg4 hxg4 38. Kf1 e2+ 39. Ke1 Qe4 40. Qb2 Qd3 41.
Qc1 Kh7 42. Qa1 Qc2 43. Qa7+ Kh6 44. Qa6+ Kh5 45. Qa1 0-1

[Event "Michigan Open"]
[Site "East Lansing"]
[Date "1991.08.31"]
[Round "3"]
[White "Householder, James"]
[Black "Long, Randy"]
[Result "1/2-1/2"]
[WhiteElo "1416"]
[BlackElo "1840"]
[PlyCount "93"]
[EventDate "1991.08.30"]

1. e4 e5 2. Nf3 Nc6 3. Bc4 Bc5 4. c3 Nf6 5. Ng5 O-O 6. Qe2 h6 7. Nxf7 Rxf7 8.
Bxf7+ Kxf7 9. Qc4+ Ke8 10. Qxc5 Nxe4 11. Qe3 d5 12. O-O Qf6 13. d3 Nd6 14. f4
e4 15. dxe4 dxe4 16. Nd2 Bf5 17. b3 Nb4 18. Ba3 Nc2 19. Qc5 Nxa1 20. Rxa1 Kd7
21. Re1 b6 22. Qd5 c6 23. Qxd6+ Qxd6 24. Bxd6 Kxd6 25. Nc4+ Kc7 26. Rd1 Rd8 27.
Rxd8 Kxd8 28. Ne5 Kc7 29. Kf2 b5 30. Ke3 Kd6 31. g4 Bh7 32. h4 a5 33. c4 a4 34.
cxb5 cxb5 35. bxa4 bxa4 36. Nc4+ Kc5 37. Nd2 Kb4 38. Nxe4 Bg8 39. a3+ Kxa3 40.
Nc5 Kb4 41. Nxa4 Kxa4 42. f5 Kb4 43. Kd4 Bb3 44. g5 hxg5 45. hxg5 Kb5 46. Ke5
Kc6 47. g6 1/2-1/2

[Event "Michigan Open"]
[Site "East Lansing"]
[Date "1991.08.31"]
[Round "2"]
[White "Householder, James"]
[Black "Fischvogt, Eric"]
[Result "0-1"]
[WhiteElo "1416"]
[BlackElo "2287"]
[PlyCount "96"]
[EventDate "1991.08.30"]

1. e4 e5 2. Nf3 Nc6 3. Bc4 Nf6 4. Ng5 Bc5 5. Nxf7 Bxf2+ 6. Kf1 Qe7 7. Nxh8 d5
8. exd5 Nd4 9. c3 Nf5 10. Kxf2 Qc5+ 11. d4 Qxc4 12. Re1 e4 13. Bg5 e3+ 14. Bxe3
Kf8 15. Bg5 Qxd5 16. Bxf6 gxf6 17. Nd2 Nh4 18. Nf3 Bg4 19. Qb3 Bxf3 20. Qxd5
Bxd5 21. g3 Nf5 22. b3 b5 23. Rac1 Nd6 24. Kg1 a5 25. g4 a4 26. Rf1 Kg7 27. g5
fxg5 28. c4 bxc4 29. bxc4 Nxc4 30. Nf7 Bxf7 31. Rxf7+ Kxf7 32. Rxc4 Ra7 33. a3
Ke6 34. Rc5 h6 35. Kf2 Kd6 36. Kg3 Rb7 37. Ra5 Rb3+ 38. Kg4 Rxa3 39. h4 gxh4
40. Kxh4 Kc6 41. Rc5+ Kb6 42. Rh5 Rd3 43. Rxh6+ c6 44. Kg4 a3 45. Rh2 Rxd4+ 46.
Kf3 Kb5 47. Ke3 Ra4 48. Ra2 Kb4 0-1

[Event "Michigan Open"]
[Site "East Lansing"]
[Date "1991.08.31"]
[Round "2"]
[White "Hermelyn, Edmund"]
[Black "Moody, David"]
[Result "1-0"]
[WhiteElo "2182"]
[BlackElo "2000"]
[PlyCount "63"]
[EventDate "1991.08.30"]

1. Nf3 c5 2. g3 d5 3. Bg2 Nc6 4. O-O e5 5. d3 Nf6 6. Nbd2 Bg4 7. h3 Bh5 8. c3
Qc7 9. e4 dxe4 10. dxe4 O-O-O 11. Qe2 Be7 12. Nb3 Qd7 13. g4 Bg6 14. Ne1 Qd1
15. Qc4 Kb8 16. Be3 Qd7 17. a4 h5 18. g5 Nh7 19. Nxc5 Bxc5 20. Qxc5 f6 21. Nf3
Rhe8 22. Nh4 Nf8 23. Nxg6 Nxg6 24. Rad1 Qe6 25. Rd5 Nh4 26. Rfd1 b6 27. Qb5
Nxg2 28. Kxg2 fxg5 29. a5 g4 30. axb6 gxh3+ 31. Kh2 Qg4 32. bxa7+ 1-0

[Event "Michigan Open"]
[Site "East Lansing"]
[Date "1991.08.31"]
[Round "3"]
[White "Harrold, Alvin"]
[Black "Triplett, Thomas"]
[Result "0-1"]
[WhiteElo "1879"]
[BlackElo "1800"]
[PlyCount "100"]
[EventDate "1991.08.30"]

1. Nf3 Nf6 2. c4 e6 3. g3 Be7 4. Bg2 O-O 5. O-O d6 6. d4 Nbd7 7. Nc3 c6 8. e4
e5 9. d5 c5 10. Qd3 Nb8 11. Nd2 Na6 12. a3 Bd7 13. Rb1 Qc8 14. Rd1 Nc7 15. b4
b6 16. Nb3 Bh3 17. Bh1 Qg4 18. f3 Qg6 19. bxc5 dxc5 20. Qe3 Nfe8 21. Bg2 Bxg2
22. Kxg2 Nd6 23. Nd2 Bg5 24. Qe2 Rae8 25. Nf1 Re7 26. Bxg5 Qxg5 27. Qe3 Qg6 28.
Nd2 f6 29. Rf1 Qe8 30. Qd3 Qc8 31. f4 Rfe8 32. f5 Qa6 33. Rb3 Rd7 34. Qe2 Rb8
35. Rfb1 Nb7 36. g4 Ne8 37. Nb5 Ned6 38. Ra1 Na5 39. Rh3 Ndxc4 40. Nxa7 Rxa7
41. Rc3 Nxd2 42. Qxd2 Nc4 43. Qc2 Nd6 44. a4 c4 45. Raa3 Qb7 46. Kf3 b5 47.
axb5 Nxb5 48. Rxa7 Qxa7 49. Rxc4 Nd4+ 50. Rxd4 Qxd4 0-1

[Event "Michigan Open"]
[Site "East Lansing"]
[Date "1991.08.31"]
[Round "3"]
[White "Hankinson, Chris"]
[Black "Sobocinski, Mike"]
[Result "1/2-1/2"]
[WhiteElo "2108"]
[BlackElo "1914"]
[PlyCount "80"]
[EventDate "1991.08.30"]

1. Nc3 d5 2. e4 c6 3. Qf3 dxe4 4. Nxe4 Nf6 5. Bc4 Nbd7 6. d4 e6 7. Bb3 Nxe4 8.
Qxe4 Nf6 9. Qd3 Be7 10. Ne2 O-O 11. Bd2 c5 12. f4 b5 13. Qxb5 cxd4 14. O-O-O a5
15. Qd3 a4 16. Bc4 a3 17. b3 Bb7 18. Nxd4 Bxg2 19. Rhg1 Be4 20. Qg3 Nh5 21. Qe3
Nf6 22. Ne2 Bg6 23. Bc3 Qc7 24. Be5 Bc5 25. Qf3 Qb6 26. Rg2 Rac8 27. Bd3 Rfd8
28. Bxf6 Be3+ 29. Kb1 gxf6 30. f5 exf5 31. h4 Qc5 32. h5 Rxd3 33. Nc1 Rxb3+ 34.
axb3 Qc3 35. Nd3 f4 36. hxg6 hxg6 37. Rxg6+ fxg6 38. Qd5+ Kf8 39. Qd6+ Ke8 40.
Qe6+ Kf8 1/2-1/2

[Event "Michigan Open"]
[Site "East Lansing"]
[Date "1991.08.31"]
[Round "1"]
[White "Hankinson, Chris"]
[Black "Aldrich, Jeff"]
[Result "1-0"]
[WhiteElo "2108"]
[BlackElo "1837"]
[PlyCount "37"]
[EventDate "1991.08.30"]

1. Nc3 d5 2. e4 dxe4 3. Nxe4 Nd7 4. Bc4 e6 5. d4 h6 6. Nf3 Ngf6 7. Ng3 Be7 8.
Qe2 Nb6 9. Bb3 O-O 10. O-O c5 11. c3 Qc7 12. Bd2 Bd7 13. Ne5 cxd4 14. cxd4 Nbd5
15. Rac1 Qb6 16. Nxd7 Nxd7 17. Bxd5 Qxd4 18. Bxb7 Rab8 19. Bc3 1-0

[Event "Michigan Open"]
[Site "East Lansing"]
[Date "1991.08.31"]
[Round "2"]
[White "Hahn, David"]
[Black "White, Mitchell"]
[Result "0-1"]
[WhiteElo "2272"]
[BlackElo "2069"]
[PlyCount "90"]
[EventDate "1991.08.30"]

1. c4 Nf6 2. Nc3 g6 3. e4 d6 4. d4 Bg7 5. f3 O-O 6. Bg5 Nc6 7. Nge2 a6 8. Qd2
Rb8 9. d5 Na5 10. Nc1 c5 11. Be2 Bd7 12. a4 Re8 13. O-O Qb6 14. Ra3 Qb4 15.
N1a2 Qb6 16. Nc1 Qb4 17. N1a2 Qb6 18. Qc2 e5 19. Be3 Qc7 20. Kh1 Nh5 21. Bd3
Rf8 22. Nc1 Nf4 23. N1e2 Nxd3 24. Qxd3 f5 25. exf5 gxf5 26. Bd2 Qd8 27. Raa1
Nb3 28. Rab1 Qe8 29. Bg5 Qg6 30. Bh4 Nd4 31. b3 Rfe8 32. Nxd4 cxd4 33. Ne2 Qh6
34. Bf2 e4 35. fxe4 fxe4 36. Qg3 e3 37. Bg1 d3 38. Nc3 Kh8 39. Rf7 Rbd8 40. Nd1
e2 41. Ne3 d2 42. Rxd7 Rxd7 43. Nf5 Qg6 44. Qh3 e1=Q 45. Nh4 Qf7 0-1